Periodic table by atomic numbers - Statistics

General Stats
  • This quiz has been taken 833 times
  • The average score is 55 of 118
Answer Stats
Hint Answer % Correct
1 Hydrogen
88%
8 Oxygen
83%
13 Aluminium
80%
12 Magnesium
77%
25 Manganese
75%
28 Nickel
75%
6 Carbon
74%
18 Argon
70%
33 Arsenic
69%
116 Livermorium
68%
19 Potassium
67%
83 Bismuth
65%
17 Chlorine
65%
5 Boron
64%
26 Iron
64%
2 Helium
62%
41 Niobium
62%
3 Lithium
61%
4 Beryllium
60%
60 Neodymium
60%
7 Nitrogen
59%
21 Scandium
59%
11 Sodium
59%
94 Plutonium
58%
115 Moscovium
57%
93 Neptunium
57%
112 Copernicium
56%
79 Gold
56%
113 Nihonium
56%
92 Uranium
56%
107 Bohrium
55%
103 Lawrencium
55%
15 Phosphorus
55%
47 Silver
55%
16 Sulfur
55%
39 Yttrium
55%
110 Darmstadtium
54%
111 Roentgenium
54%
96 Curium
53%
77 Iridium
53%
91 Protactinium
53%
9 Fluorine
52%
49 Indium
52%
99 Einsteinium
51%
46 Palladium
51%
52 Tellurium
51%
35 Bromine
50%
24 Chromium
50%
29 Copper
50%
67 Holmium
50%
22 Titanium
50%
98 Californium
49%
118 Oganesson
49%
104 Rutherfordium
49%
32 Germanium
48%
43 Technetium
48%
55 Caesium
47%
36 Krypton
47%
57 Lanthanum
47%
71 Lutetium
47%
97 Berkelium
45%
34 Selenium
45%
14 Silicon
45%
38 Strontium
45%
42 Molybdenum
44%
69 Thulium
44%
50 Tin
44%
23 Vanadium
44%
53 Iodine
43%
10 Neon
43%
37 Rubidium
43%
44 Ruthenium
43%
73 Tantalum
43%
27 Cobalt
42%
66 Dysprosium
42%
76 Osmium
42%
51 Antimony
41%
56 Barium
41%
108 Hassium
41%
59 Praseodymium
41%
90 Thorium
41%
20 Calcium
40%
31 Gallium
40%
86 Radon
40%
89 Actinium
38%
64 Gadolinium
38%
105 Dubnium
36%
62 Samarium
36%
106 Seaborgium
36%
30 Zinc
36%
78 Platinum
35%
45 Rhodium
34%
63 Europium
33%
114 Flerovium
33%
40 Zirconium
33%
95 Americium
32%
68 Erbium
32%
72 Hafnium
32%
109 Meitnerium
32%
88 Radium
32%
87 Francium
31%
61 Promethium
31%
100 Fermium
30%
117 Tennessine
30%
58 Cerium
29%
102 Nobelium
29%
84 Polonium
29%
82 Lead
27%
101 Mendelevium
27%
54 Xenon
27%
74 Tungsten
26%
48 Cadmium
23%
65 Terbium
23%
80 Mercury
22%
75 Rhenium
22%
81 Thallium
22%
70 Ytterbium
22%
85 Astatine
17%
No matching quizzes found
Score Distribution
Percent of People with Each Score
Percentile by Number Answered
Your Score History
You have not taken this quiz